000 00603nam a2200241 a 4500
001 nice12345678
003 IN_TiNIC
005 20260116011529.0
008 050524s1964 lona grp 000 0 eng
020 _a
_c20
082 0 0 _a953
_bAFI
100 _aAfifi, Mohamed El-Hadi
245 _aArabs and the United Nations
260 _aLondon
_bLongmans, Green and Co
_c1964
300 _a202p
500 _aincludes index and biblioraphy
505 2 _aIndex
650 _aArab Countries-United Nations
700 1 _aAfifi, Mohamed El-Hadi
902 _bSRS
942 _cBK
999 _c2361
_d2361